Why why why were the pyramids built?

Bibliographic Details
Main Author: Chambers, Catherine
Corporate Author: Title
Format: Book
Published: London : Miles Kelly Publishing , 2005
Subjects:

MARC

LEADER 00000cam a2200000 7i4500
001 0000006882
005 20151222.0
008 070823
020 |a 1842365991 
090 0 0 |a JF   |b Q ENG (7583) 
100 1 |a Chambers, Catherine 
245 1 0 |a Why why why were the pyramids built?   |c Catherine Chambers 
260 |a London :   |b Miles Kelly Publishing ,   |c 2005 
500 |a Children ages 7-9 years old (orange) 
650 0 |a Junior fiction   |x English   |x Languages 
650 0 |a Quiz 
710 0 |a Title 
999 |a 0000986833   |b Book   |c Children Collection   |e Perbadanan Perpustakaan Awam Johor 
999 |a 0000986834   |b Book   |c Children Collection   |e Perbadanan Perpustakaan Awam Johor 
999 |a 0000986835   |b Book   |c Children Collection   |e Cawangan Kota Tinggi 
999 |a 0000986836   |b Book   |c Children Collection   |e Perbadanan Perpustakaan Awam Johor 
999 |a 0000986837   |b Book   |c Children Collection   |e Perbadanan Perpustakaan Awam Johor 
999 |a 0001133557   |b Book   |c Children Collection   |e Cawangan Bukit Gambir 
999 |a 0001133560   |b Book   |c Teenagers   |e Cawangan Bandar Tenggara 
999 |a 0001133561   |b Book   |c Children Collection   |e Cawangan Taman Universiti 
999 |a 0001133562   |b Book   |c Children Collection   |e Cawangan Tangkak 
999 |a 0001133564   |b Book   |c Children Collection   |e Cawangan Pontian 
999 |a 0001133565   |b Book   |c Children Collection   |e Cawangan Bandar Penawar 
999 |a 0001133566   |b Book   |c Children Collection   |e Cawangan Batu Pahat 
999 |a 0001143613   |b Book   |c Teenagers   |e Cawangan Bandar Tenggara 
999 |a 0001143616   |b Book   |c Children Collection   |e Cawangan Batu Pahat 
999 |a 0001143619   |b Book   |c Children Collection   |e Cawangan Taman Universiti 
999 |a 0001143620   |b Book   |c Children Collection   |e Cawangan Segamat 
999 |a 0001143622   |b Book   |c Children Collection   |e Cawangan Pontian 
999 |a 0001149978   |b Book   |c Children Collection   |e Cawangan Taman Universiti 
999 |a 0001149979   |b Book   |c Children Collection   |e Cawangan Segamat 
999 |a 0001149980   |b Book   |c Teenagers   |e Cawangan Bandar Tenggara 
999 |a 0001149981   |b Book   |c Children Collection   |e Cawangan Tangkak